<?xml version='1.0' encoding='UTF-8'?>
  <record xmlns="http://www.loc.gov/MARC21/slim">
    <leader>00000cam a22000007i 4500</leader>
    <controlfield tag="001">ocm71702065</controlfield>
    <controlfield tag="003">OCoLC</controlfield>
    <controlfield tag="005">20250917150842.5</controlfield>
    <controlfield tag="008">060413s1605    ne            000 0 dut d</controlfield>
    <datafield tag="040" ind1=" " ind2=" ">
      <subfield code="a">NLGGC</subfield>
      <subfield code="b">dut</subfield>
      <subfield code="e">fobidrtb</subfield>
      <subfield code="c">NLGGC</subfield>
    </datafield>
    <datafield tag="029" ind1="0" ind2=" ">
      <subfield code="a">NLGGC</subfield>
      <subfield code="b">292927304</subfield>
    </datafield>
    <datafield tag="035" ind1=" " ind2=" ">
      <subfield code="a">(OCoLC)71702065</subfield>
    </datafield>
    <datafield tag="245" ind1="0" ind2="0">
      <subfield code="a">Ordonnantie, ende instructie daerop men van weghen de dry staten des lants ende hertochdoms van Brabant collecteren, verpachten ende innen sal respective de middelen gheaccordeert ende opgestelt tot furnissemente vande nieuwe extraordinarise bede hunne Hoocheyden byde selve Staten gheaccordeert, voor den tyt van eenen gheheelen jaere, in betalinghe ende tot onderstande vande ordinarisse guarnisoenen in Brabant, ende ander volcke van oorloghe.</subfield>
    </datafield>
    <datafield tag="260" ind1=" " ind2=" ">
      <subfield code="a">Tshertoghen Bossche :</subfield>
      <subfield code="b">ten huysse Jan Scheffer,</subfield>
      <subfield code="c">1605.</subfield>
    </datafield>
    <datafield tag="300" ind1=" " ind2=" ">
      <subfield code="a">? ;</subfield>
      <subfield code="c">19 cm.</subfield>
    </datafield>
    <datafield tag="336" ind1=" " ind2=" ">
      <subfield code="a">tekst</subfield>
      <subfield code="b">txt</subfield>
      <subfield code="2">rdacontent/dut</subfield>
    </datafield>
    <datafield tag="337" ind1=" " ind2=" ">
      <subfield code="a">zonder medium</subfield>
      <subfield code="b">n</subfield>
      <subfield code="2">rdamedia/dut</subfield>
    </datafield>
    <datafield tag="338" ind1=" " ind2=" ">
      <subfield code="a">band</subfield>
      <subfield code="b">nc</subfield>
      <subfield code="2">rdacarrier/dut</subfield>
    </datafield>
    <datafield tag="500" ind1=" " ind2=" ">
      <subfield code="a">Uitgevaardigd 3 januari 1601.</subfield>
    </datafield>
    <datafield tag="510" ind1="0" ind2=" ">
      <subfield code="a">Van Someren 513</subfield>
    </datafield>
    <datafield tag="776" ind1="0" ind2=" ">
      <subfield code="t">Ordonnantie, ende instructie daerop men van weghen de dry staten des lants ende hertochdoms van Brabant collecteren, verpachten ende innen sal respective de middelen gheaccordeert ende opgestelt tot furnissemente vande nieuwe extraordinarise bede hunne Hoocheyden byde selve Staten gheaccordeert, voor den tyt van eenen gheheelen jaere, in betalinghe ende tot onderstande vande ordinarisse guarnisoenen in Brabant, ende ander volcke van oorloghe</subfield>
      <subfield code="w">(NL-LeOCL)426191064</subfield>
    </datafield>
    <datafield tag="936" ind1=" " ind2=" ">
      <subfield code="a">BATCHLOAD</subfield>
    </datafield>
  </record>